| 000 | 00584nam a2200181Ia 4500 | ||
|---|---|---|---|
| 999 |
_c6801 _d6801 |
||
| 020 | _a9788178311883 | ||
| 082 | _a303.440954123 SUB-S | ||
| 100 | _aSubodh Kumar | ||
| 245 | 0 | _aSocial, political processes and the economic development of Bihar | |
| 260 |
_aNew Delhi _bManak Publications _c2009 |
||
| 300 | _axxvii, 280 | ||
| 650 |
_aSocial planning _vIndia _vBihar |
||
| 650 |
_aDemocratization _vIndia _vBihar |
||
| 650 |
_aEconomic policy _vIndia _vBihar |
||
| 650 |
_aEconomic development _vSocial aspects _vIndia _vBihar |
||
| 650 |
_aBihar (India) _vEconomic conditions |
||
| 942 | _cBK | ||